header

A journey into the Zohar (Record no. 182083)

MARC details
000 -LEADER
fixed length control field 01304nam a2200349Ia 4500
082 04 - DEWEY DECIMAL CLASSIFICATION NUMBER
Classification number 296.1/62
100 1# - MAIN ENTRY--AUTHOR NAME
Personal name Wolski, Nathan.
245 12 - TITLE STATEMENT
Title A journey into the Zohar
260 ## - PUBLICATION, DISTRIBUTION, ETC. (IMPRINT)
Place of publication Albany, NY :
Name of publisher State University of New York Press,
Year of publication c2010.
300 ## - PHYSICAL DESCRIPTION
Number of Pages xiii, 271 p.
650 #0 - SUBJECT ADDED ENTRY--TOPICAL TERM
Topical Term Cabala.
Topical Term Mysticism
856 40 - ELECTRONIC LOCATION AND ACCESS
Uniform Resource Identifier http://site.ebrary.com/lib/rucke/Doc?id=10573949

No items available.

© 2026 Rongo University
Contact us: librarian | system librarian | Rongo university